| 000 | 01345nam a22002537a 4500 | ||
|---|---|---|---|
| 003 | OSt | ||
| 005 | 20241028090609.0 | ||
| 008 | 241008b |||||||| |||| 00| 0 eng d | ||
| 020 | _a9789584261915 | ||
| 020 | _a9584261916 | ||
| 037 | _bDonación | ||
| 040 |
_aCO-JMCR _bspa _cCO-JMCR _dCO-JMCR _erda |
||
| 041 | 1 |
_aspa _heng |
|
| 082 | 0 | 4 |
_aA-N _bBROi1 _223 |
| 100 | 1 |
_aBrown, Dan, _d1964- _eautor _943875 |
|
| 245 | 1 | 0 |
_aInferno / _cDan Brown ; traducción de Aleix Montoto. |
| 250 | _aPrimera edición | ||
| 260 |
_aBogotá : _bEditorial Planeta ; _c2017. |
||
| 300 |
_a633 páginas ; _c23 cm. |
||
| 500 | _aIncluye datos biográficos del autor | ||
| 520 | _aEn el corazón de Italia, el catedrático de Simbología de Harvard Robert Langdon se ve arrastrado a un mundo terrorífico centrado en una de las obras maestras de la Literatura más imperecederas y misteriosas de la Historia: el Infierno de Dante. Con este telón de fondo, Langdon se enfrenta a un adversario escalofriante y lidia con un acertijo ingenioso en un escenario de arte clásico, pasadizos secretos y ciencia futurista. Apoyándose en el oscuro poema épico de Dante, Langdon, en una carrera contrarreloj, busca respuestas y personas de confianza antes de que el mundo cambie irrevocablemente." | ||
| 700 | 1 |
_aMontoto, Aleix, _etraductor. _96698 |
|
| 942 |
_2ddc _cBK |
||
| 999 |
_c30847 _d17231 |
||